01037nam a22002657a 450000100060000000300060000600500170001200800410002902000180007004000290008805000080011708200110012510000250013624500460016125000250020726000500023230000510028249000440033350500070037752002930038452100280067752100190070565000250072465000220074910131FISKH20260428100124.0260423b cb ||||| |||| 00| 0 eng d a9780462004860 aFISKHbengcFISKHdFISKH aPZ7 a823.92 aWard, NicoleeAuthor aAt the Airshow /cWritten by Nicole Ward  aFirst published 2008 aLondon :bMarshall Cavendish Limited , c2008 a16 pages : bcolor illustrations ;c16 X 19 cm aMy Pals Are Here ! Reading Stars :v7e  aG  aA character visits an airshow and watches different airplanes perform exciting tricks in the sky. They see planes flying fast, high, and in special formations. The visit is fun and full of interesting sights, ending with the character enjoying the experience and learning about airplanes.8 a400 bLexile estimate 8 aG bRaz-Plus  aAirshow vAirplanes  aAviation vFlying